Historia del dogma
Gardado en:
| Autor Principal: | |
|---|---|
| Formato: | Libro |
| Idioma: | Lingua castelá |
| Publicado: |
Barcelona
Herder
1972
|
| Series: | Biblioteca Herder. Sección de teología y filosofía, 130
|
| Subjects: | |
| Tags: |
Engadir etiqueta
Sen Etiquetas, Sexa o primeiro en etiquetar este rexistro!
|
MARC
| LEADER | 00000nam a2200000 a 4500 | ||
|---|---|---|---|
| 001 | UCW9701 | ||
| 003 | CL-VaPUC | ||
| 008 | 890612e19720000SP |||||||||||||||||spa|d | ||
| 082 | 0 | 4 | |a 230 |b RON |2 21 |
| 100 | 0 | |a Rondet, Henri |e author |9 315081 | |
| 245 | 1 | 0 | |a Historia del dogma |
| 300 | |a 314 p | ||
| 942 | |c BK | ||
| 945 | |d 19890612 00:00:00 | ||
| 260 | |a Barcelona |b Herder |c 1972 | ||
| 650 | 0 | |a Teología dogmática |9 313198 | |
| 583 | |a last modification |c 19890612 00:00:00 |k Rodrigo Vera | ||
| 490 | 0 | |a Biblioteca Herder. Sección de teología y filosofía, 130 | |
| 999 | |c 221607 |d 221605 | ||
| 952 | |0 0 |1 0 |4 0 |6 230_000000000000000_RON_1972 |7 0 |8 A |9 215249 |a BIBTEO |b BIBTEO |d 2019-11-15 |i 2836858 |o 230 RON 1972 |p 2836858 |r 2025-01-17 |w 2019-11-15 |y BK |k ICR | ||